Modely kredibility na výpočet poistného

Uložené v:
Podrobná bibliografia
Hlavný autor: Šoltés, Erik, 1974-
Korporativný autor: Ekonomická univerzita v Bratislave. Fakulta hospodárskej informatiky
Ďalší autori: Pacáková, Viera, Skřivánková, Valéria
Médium: Kniha
Jazyk:Slovak
Vydavateľské údaje: Bratislava Vydavateľstvo EKONÓM 2009
Predmet:
Tagy: Pridať tag
Žiadne tagy, Buďte prvý, kto otaguje tento záznam!

MARC

LEADER 00000nam$a2200000$$$4500
001 0099714
005 20250702090620.1
020 |a 978-80-225-2798-9 
041 0 |a slo 
044 |a SK 
245 1 0 |a Modely kredibility na výpočet poistného  |c Erik Šoltés 
264 1 |a Bratislava  |b Vydavateľstvo EKONÓM  |c 2009 
300 |a 151 s. 
500 |a Monografia je zároveň habilitačnou prácou 
610 2 0 |a poisťovníctvo 
610 2 0 |a teória kredibility 
610 2 0 |a riziko poistné 
610 2 0 |a modely 
100 1 |a Šoltés, Erik, 1974- 
700 1 |a Pacáková, Viera 
700 1 |a Skřivánková, Valéria 
710 2 |a Ekonomická univerzita v Bratislave. Fakulta hospodárskej informatiky